000 01093nam a2200253 i 4500
001 186207
003 SpMaBN
005 20251014063301.0
008 160919s2015 sp a c |||| |dspa d
020 _a978-84-7075-631-3
080 _a76 Bill, Max (083.824)
100 1 _aBill, Max,
_d1908-1994
_9160912
245 1 0 _aMax Bill
_b: [exposición] Fundación Juan March, Madrid, del 16 de octubre de 2015 al 17 de enero de 2016 /
_cManuel Fontán del Junco, María Toledo (eds.) ; textos de Max Bill, Jakob Bill, Karin Gimmi ... [et al.].
260 _aMadrid :
_bFundación Juan March,
_c[2015]
300 _a329 p. (1 h. pleg.) :
_bprincipalmente il. col., fot. ;
_c27 x 24 cm.
504 _aBibliografía: p. 303-317.
600 1 7 _aBill, Max,
_d1908-1994-
_vExposiciones
_2
_9160913
655 7 _aCatálogos de exposiciones
_2tgfbne
_9193628
700 1 _aFontán del Junco, Manuel,
_d1963-
_9226485
710 2 _aFundación Juan March
_94346
852 _aES-MaACL
_jA-13787
_9 193262
_bR.151008
_cDEPO1
_dOlim: N-6787
_x- enc. cart.
942 _2udc
999 _c186207
_d186207